000 00366nam a2200181Ia 4500
100 _aAntonopoulos/A.M
650 _abitcoin
250 _a2
942 _cBK
366 _f20
654 _abitcoin
245 _aMastering Bitcoin:progamming the open blockchain
260 _bSPD
_c2017
082 _bANT
300 _a369
546 _aENGLISH
999 _c31979
_d31979